| 000 | 00468 a2200169 4500 | ||
|---|---|---|---|
| 003 | OSt | ||
| 005 | 20260310135027.0 | ||
| 008 | 260310b |||||||| |||| 00| 0 eng d | ||
| 020 | _a9788198058928 | ||
| 040 | _coclc | ||
| 082 |
_a894.8123 _bENA/V |
||
| 100 |
_aEnadi , C _910452 |
||
| 245 |
_aVismayaparvam / _cC Enadi |
||
| 260 |
_aKottayam: _bVoice books, _c2025. |
||
| 300 | _a286 pages | ||
| 942 |
_2ddc _cBK _h894.8123 _iENA/V _k894.8123 _mENA/V |
||
| 999 |
_c44709 _d44709 |
||